000 00577cam a2200193 a 4500
005 20250901165231.0
008 920603s1993 nyua b 001 0 eng
010 _a 92022544
020 _a0070684898
020 _a0070684847 (paper) :
_c$29.95
050 0 0 _aQA76.9.U83
_bW38 1993
082 0 0 _a005.4/2
_220
100 1 _aWatson, Mark,
_d1951-
245 1 0 _aPortable GUI development with C++ /
_cMark Watson.
250 _a1st ed.
260 _aNew York :
_bMcGraw-Hill,
_cc1993.
300 _axv, 317 p. :
_bill. ;
_c24 cm.
942 _2lcc
_hQA76.9.U83 1993
999 _c743
_d743